000 00542nam a2200205Ia 4500
999 _c8932
_d8932
003 0100
005 20180226105235.0
008 130303s9999 xx 000 0 und d
020 _a883440970
040 _cARRUPELIB
050 _aDT763.W335 1983
100 _aWalshe, Peter
_939566
245 _aChurch versus state in South Africa:
_bthe case of the Christian Institute /
260 _aLondon
_bC. Hurst and Company
_c1983
300 _a234 p.
300 _b 23 cm.
650 _aChurch and race relations
_zSouth Africa
_938894
650 _aSouth Africa
_xRace relations
_929009
650 _aChristian Institute of South Africa
_939567
942 _2lcc
_cMONOGRAPH